[Event "Online Olym Top DivD 2020"]
[Site "chess.com INT"]
[Date "2020.08.23"]
[Round "7.3"]
[Board "1"]
[White "Cori, Jorge"]
[Black "Supi, Luis Paulo"]
[Result "0-1"]
[WhiteTitle "GM"]
[BlackTitle "GM"]
[WhiteElo "2652"]
[BlackElo "2572"]
[WhiteTeam "Peru"]
[BlackTeam "Brazil"]
[WhiteFideId "3802272"]
[BlackFideId "2106388"]
[EventDate "2020.08.21"]
[EventType "team"]

1. d4 Nf6 2. Nf3 d5 3. e3 e6 4. Bd3 b6 5. O-O Bb7 6. b3 Bd6 7. Bb2 O-O 8. Qe2 c5
9. Nbd2 Nc6 10. a3 Rc8 11. Rfd1 cxd4 12. exd4 Bf4 13. g3 Bh6 14. h4 Ne7 15. Ng5
Nf5 16. Re1 Nd6 17. f3 Bxg5 18. hxg5 Nh5 19. Qh2 Qxg5 20. g4 f5 21. Qxd6 Nf4 22.
Nf1 fxg4 23. Qe5 Qh4 24. Nh2 Qg3+ 25. Kh1 Qg2# 0-1

[Event "Online Olym Top DivD 2020"]
[Site "chess.com INT"]
[Date "2020.08.23"]
[Round "7.3"]
[Board "2"]
[White "Fier, Alexandr"]
[Black "Cruz, Cristhian"]
[Result "0-1"]
[WhiteTitle "GM"]
[BlackTitle "GM"]
[WhiteElo "2560"]
[BlackElo "2568"]
[WhiteTeam "Brazil"]
[BlackTeam "Peru"]
[WhiteFideId "2107139"]
[BlackFideId "3801969"]
[EventDate "2020.08.21"]
[EventType "team"]

1. d4 d5 2. c4 e6 3. Nc3 Be7 4. cxd5 exd5 5. Bf4 Nf6 6. e3 O-O 7. Bd3 Re8 8. Qc2
c6 9. Nf3 Nbd7 10. O-O Nf8 11. h3 Ng6 12. Bh2 Bd6 13. Bxd6 Qxd6 14. Rab1 Qe7 15.
b4 Ne4 16. b5 Ng5 17. Nxg5 Qxg5 18. f4 Qh4 19. f5 Rxe3 20. fxg6 Qxd4 21. Kh1
Qxd3 22. Qf2 f6 23. Nxd5 Rxh3+ 24. gxh3 Qxd5+ 25. Qg2 hxg6 26. bxc6 bxc6 27.
Rfd1 Be6 28. Qxd5 Bxd5+ 29. Kh2 Bxa2 30. Rb7 Bd5 31. Re1 Kh7 32. Ree7 Rg8 33.
Rxa7 g5 34. Kg3 Kg6 35. Rad7 Kh6 36. Kg4 Kg6 37. Kg3 f5 38. Rd6+ Kh5 39. Rdd7
f4+ 40. Kf2 Kg6 41. Rc7 Kf6 42. Red7 Rh8 43. Rxg7 Rxh3 44. Rgd7 g4 45. Rd6+ Ke5
46. Rg6 g3+ 47. Ke2 f3+ 48. Ke3 f2 49. Rg5+ Kd6 0-1

[Event "Online Olym Top DivD 2020"]
[Site "chess.com INT"]
[Date "2020.08.23"]
[Round "7.3"]
[Board "3"]
[White "Cori T., Deysi"]
[Black "Terao, Juliana Sayumi"]
[Result "1/2-1/2"]
[WhiteTitle "WGM"]
[BlackTitle "FM"]
[WhiteElo "2388"]
[BlackElo "2252"]
[WhiteTeam "Peru"]
[BlackTeam "Brazil"]
[WhiteFideId "3801934"]
[BlackFideId "2109220"]
[EventDate "2020.08.21"]
[EventType "team"]

1. Nf3 Nf6 2. c4 e6 3. b3 b6 4. g3 Bb7 5. Bg2 Be7 6. Bb2 c5 7. O-O O-O 8. Nc3 d6
9. d4 Nbd7 10. Qd2 Rb8 11. Rfd1 a6 12. Rac1 Qc7 13. e3 Rbd8 14. Qe2 Qb8 15. e4
cxd4 16. Nxd4 Rfe8 17. g4 Ne5 18. h3 Ng6 19. Qe3 d5 20. cxd5 exd5 21. g5 Nxe4
22. Nxe4 dxe4 23. Nf5 Rxd1+ 24. Rxd1 Bc5 25. Qc3 Ne5 26. b4 Bf8 27. a3 b5 28.
Ba1 Re6 29. Qd4 e3 30. Nxe3 Bxg2 31. Kxg2 Qb7+ 32. Qd5 Qe7 33. Qd8 Ng6 34. Qxe7
Bxe7 35. Nf5 Bxg5 36. Nxg7 Rc6 37. Nf5 Nh4+ 38. Nxh4 Bxh4 39. Rd7 Bf6 40. Bxf6
Rxf6 41. Kg3 1/2-1/2

[Event "Online Olym Top DivD 2020"]
[Site "chess.com INT"]
[Date "2020.08.23"]
[Round "7.3"]
[Board "4"]
[White "Alboredo, Julia"]
[Black "Chumpitaz, Ann"]
[Result "1/2-1/2"]
[WhiteTitle "WFM"]
[BlackTitle "WIM"]
[WhiteElo "2182"]
[BlackElo "2244"]
[WhiteTeam "Brazil"]
[BlackTeam "Peru"]
[WhiteFideId "2124807"]
[BlackFideId "3804178"]
[EventDate "2020.08.21"]
[EventType "team"]

1. e4 c5 2. Nf3 e6 3. b3 Nc6 4. Bb2 d5 5. Bb5 Nf6 6. e5 Nd7 7. Bxc6 bxc6 8. d3
Be7 9. O-O O-O 10. Re1 Qc7 11. Nc3 f5 12. Na4 Nb6 13. c4 Bd7 14. Ba3 Nxa4 15.
bxa4 Be8 16. d4 Bh5 17. cxd5 cxd5 18. Bxc5 Bxc5 19. Rc1 Rfc8 20. Rxc5 Qb6 21.
Qc2 Rxc5 22. dxc5 Qa5 23. Rc1 Bxf3 24. gxf3 Rc8 25. c6 h6 26. Qc5 Qxa4 27. Qe7
Qf4 28. Qxe6+ Kh7 29. Rc3 Rb8 30. Rb3 Qc1+ 31. Kg2 Qg5+ 32. Kf1 Qc1+ 33. Kg2
Qg5+ 34. Kf1 Qc1+ 35. Kg2 1/2-1/2

[Event "Online Olym Top DivD 2020"]
[Site "chess.com INT"]
[Date "2020.08.23"]
[Round "7.3"]
[Board "6"]
[White "Frattini, Beatriz Maria"]
[Black "Garcia Andrada, Heidy Nicole"]
[Result "0-1"]
[WhiteTitle "WCM"]
[BlackTitle "WFM"]
[WhiteElo "1868"]
[BlackElo "1912"]
[WhiteTeam "Brazil"]
[BlackTeam "Peru"]
[WhiteFideId "22715002"]
[BlackFideId "3831779"]
[EventDate "2020.08.21"]
[EventType "team"]

1. e4 c5 2. Nf3 Nc6 3. d4 cxd4 4. Nxd4 Qc7 5. Nc3 e6 6. Qd3 Nf6 7. Nxc6 dxc6 8.
Qg3 Qxg3 9. hxg3 e5 10. f3 Be6 11. Be3 Bb4 12. a3 Be7 13. g4 Nd7 14. O-O-O O-O-O
15. Be2 Kc7 16. Kb1 b5 17. g5 a5 18. a4 b4 19. Na2 b3 20. Nc1 bxc2+ 21. Kxc2 Rb8
22. Rh2 f5 23. exf5 Bxf5+ 24. Bd3 g6 25. Rdh1 Nf8 26. Bxf5 gxf5 27. g6 Nxg6 28.
Rxh7 Rxh7 29. Rxh7 Rh8 30. Rxh8 Nxh8 31. Nb3 Ng6 32. Nxa5 Nh4 33. g4 f4 34. Bf2
Nxf3 35. Nc4 e4 36. Kd1 c5 37. Ke2 Kc6 38. b3 Nd4+ 39. Bxd4 cxd4 40. Ne5+ Kc5
41. b4+ Kd5 42. Ng6 Bxb4 43. Nxf4+ Ke5 44. Nd3+ exd3+ 45. Kxd3 Bc5 46. Kc4 Ba7
47. a5 Kf4 48. g5 Kxg5 49. a6 Kf4 50. Kd3 Ke5 51. Kd2 Kd5 52. Kd3 Kc5 53. Kd2
Kb5 54. Kd3 Kxa6 55. Kc4 Ka5 56. Kd3 Kb4 57. Kd2 Kc4 58. Kc2 d3+ 59. Kd2 Kd4 60.
Kd1 Kc3 61. Kc1 d2+ 62. Kd1 Bb8 0-1

[Event "Online Olym Top DivD 2020"]
[Site "chess.com INT"]
[Date "2020.08.23"]
[Round "7.4"]
[Board "3"]
[White "Burtasova, Anna"]
[Black "Brunello, Marina"]
[Result "0-1"]
[WhiteTitle "WGM"]
[BlackTitle "IM"]
[WhiteElo "2261"]
[BlackElo "2368"]
[WhiteTeam "Canada"]
[BlackTeam "Italy"]
[WhiteFideId "4150740"]
[BlackFideId "822590"]
[EventDate "2020.08.21"]
[EventType "team"]

1. e4 c5 2. c3 Nf6 3. e5 Nd5 4. Bc4 e6 5. Nf3 d6 6. d4 cxd4 7. cxd4 Be7 8. O-O
O-O 9. Qe2 b6 10. Nc3 Bb7 11. Nxd5 exd5 12. Bd3 dxe5 13. Nxe5 Bf6 14. f4 Nc6 15.
Nxc6 Bxc6 16. Bxh7+ Kxh7 17. Qc2+ g6 18. Qxc6 Bxd4+ 19. Kh1 Kg7 20. f5 Rc8 21.
Qa4 Rc4 22. Qxa7 Rh8 23. Bf4 g5 24. Bg3 Rc2 25. Rae1 Bf6 26. b4 d4 27. Re6 Qd5
28. Rg1 Ra8 29. Qxb6 fxe6 30. fxe6 Raxa2 31. e7 Bxe7 32. Qb8 Bf6 33. Bd6 Ra8 34.
Bf8+ Kg6 35. Qg3 Rxf8 36. Qd3+ Qf5 0-1

[Event "Online Olym Top DivD 2020"]
[Site "chess.com INT"]
[Date "2020.08.23"]
[Round "7.4"]
[Board "4"]
[White "Sedina, Elena"]
[Black "Zhou, Qiyu"]
[Result "1/2-1/2"]
[WhiteTitle "IM"]
[BlackTitle "FM"]
[WhiteElo "2299"]
[BlackElo "2229"]
[WhiteTeam "Italy"]
[BlackTeam "Canada"]
[WhiteFideId "812153"]
[BlackFideId "505161"]
[EventDate "2020.08.21"]
[EventType "team"]

1. e4 e5 2. Bc4 Nc6 3. Nf3 Bc5 4. O-O Nf6 5. d3 a6 6. Re1 O-O 7. c3 Ba7 8. h3 h6
9. Nbd2 d6 10. Bb3 Be6 11. Nf1 Re8 12. Be3 d5 13. Bxa7 Rxa7 14. Ng3 Ra8 15. Qc2
Qd7 16. Rad1 Rad8 17. Nh4 g6 18. Qc1 Kh7 19. Nf3 Qc8 20. Nh2 d4 21. f4 Bxb3 22.
axb3 Qe6 23. b4 Qd6 24. Rf1 Rd7 25. fxe5 Nxe5 26. Qf4 Kg7 27. Nf3 Nc6 28. Qxd6
Rxd6 29. Rd2 Nd7 30. Ne2 dxc3 31. bxc3 Nde5 32. Nxe5 Rxe5 33. Rfd1 f5 34. exf5
Rxf5 35. Ng3 Rf4 36. Ne4 Rd5 37. Nc5 Nd8 38. Re2 Kf7 39. Rde1 Nc6 40. d4 b6 41.
Nxa6 Rd7 42. b5 Nd8 43. Nb8 Rd5 44. Re7+ Kf6 45. Nd7+ Kg5 46. R1e5+ Rxe5 47.
Rxe5+ Rf5 48. Kh2 Rxe5 49. Nxe5 Kf4 50. Nxg6+ Ke3 51. Ne5 Ne6 52. g4 Nf4 53. h4
Ne2 54. g5 hxg5 55. hxg5 Nxc3 56. g6 Nd5 57. Kg3 Kxd4 58. Nc6+ Kc5 59. g7 Nf6
60. Kh4 Ng8 61. Kg5 Kxb5 62. Ne5 c5 63. Kg6 c4 64. Kf7 Nh6+ 65. Kg6 Ng8 66. Kf7
Nh6+ 67. Kg6 Ng8 1/2-1/2

[Event "Online Olym Top DivD 2020"]
[Site "chess.com INT"]
[Date "2020.08.23"]
[Round "7.4"]
[Board "6"]
[White "Grimaldi, Angela Flavia"]
[Black "Ouellet, Maili-Jade"]
[Result "1/2-1/2"]
[BlackTitle "WGM"]
[WhiteElo "2070"]
[BlackElo "2257"]
[WhiteTeam "Italy"]
[BlackTeam "Canada"]
[WhiteFideId "2805214"]
[BlackFideId "2620472"]
[EventDate "2020.08.21"]
[EventType "team"]

1. e4 c5 2. Nf3 d6 3. Bb5+ Nd7 4. c3 Nf6 5. Qe2 a6 6. Ba4 b5 7. Bc2 Bb7 8. d4 e5
9. O-O g6 10. d5 Bg7 11. a4 O-O 12. Nbd2 Qb6 13. a5 Qc7 14. c4 b4 15. Re1 Rae8
16. Nf1 h6 17. h3 Bc8 18. g4 Nh7 19. Ng3 Ndf6 20. Be3 Kh8 21. Qd2 Ng8 22. Kg2
Bd7 23. Ba4 Rd8 24. Bxd7 Rxd7 25. h4 Qd8 26. Rh1 f6 27. b3 Rdf7 28. h5 g5 29.
Nf5 Ne7 30. Nh2 Nxf5 31. gxf5 Rg8 32. Ng4 Nf8 33. Kf1 Nd7 34. Ke2 Bf8 35. f3 Rh7
36. Qa2 Be7 37. Qa4 Qc7 38. Kd3 Rc8 39. Qa2 Qd8 40. Qd2 Qe8 41. Rag1 Bd8 42. Ra1
Bc7 43. Qf2 Qd8 44. Qa2 Qe7 45. Qa4 Bd8 46. Rag1 Qf7 47. Rh2 Nf8 48. Bd2 Nd7 49.
Ra1 Nf8 50. Rhh1 Nd7 51. Be3 Nf8 52. Qa2 Nd7 53. Qa4 Nf8 1/2-1/2

[Event "Online Olym Top DivD 2020"]
[Site "chess.com INT"]
[Date "2020.08.23"]
[Round "7.5"]
[Board "1"]
[White "Mastrovasilis, Dimitrios"]
[Black "Vazquez, Guillermo"]
[Result "1/2-1/2"]
[WhiteTitle "GM"]
[BlackTitle "IM"]
[WhiteElo "2604"]
[BlackElo "2527"]
[WhiteTeam "Greece"]
[BlackTeam "Paraguay"]
[WhiteFideId "4202694"]
[BlackFideId "3702308"]
[EventDate "2020.08.21"]
[EventType "team"]

1. e4 c6 2. d4 d5 3. e5 Bf5 4. h4 h5 5. Bd3 Bxd3 6. Qxd3 Qa5+ 7. Bd2 Qa6 8. e6
Qxd3 9. exf7+ Kxf7 10. cxd3 Nh6 11. Nf3 Nf5 12. Nc3 Nd7 13. Ne2 g6 14. Nf4 Bg7
15. Bc3 Bf6 16. g3 Rhe8 17. Kd2 e5 18. dxe5 Nxe5 19. Bxe5 Bxe5 20. Nxe5+ Rxe5
21. Rhe1 Rae8 22. Rxe5 Rxe5 23. Re1 Rxe1 24. Kxe1 Kf6 1/2-1/2

[Event "Online Olym Top DivD 2020"]
[Site "chess.com INT"]
[Date "2020.08.23"]
[Round "7.5"]
[Board "2"]
[White "Almiron, Antonio"]
[Black "Pavlidis, Antonios"]
[Result "1/2-1/2"]
[WhiteTitle "FM"]
[BlackTitle "GM"]
[WhiteElo "2366"]
[BlackElo "2543"]
[WhiteTeam "Paraguay"]
[BlackTeam "Greece"]
[WhiteFideId "3701166"]
[BlackFideId "4212312"]
[EventDate "2020.08.21"]
[EventType "team"]

1. e4 c5 2. Nf3 Nc6 3. d4 cxd4 4. Nxd4 e6 5. Nc3 Qc7 6. Qd3 Nf6 7. Ndb5 Qb8 8.
Qg3 d6 9. Be3 a6 10. Nd4 Be7 11. Be2 O-O 12. O-O Bd7 13. f4 b5 14. Bf3 b4 15.
Nce2 e5 16. fxe5 dxe5 17. Nb3 Be6 18. Nec1 Rd8 19. Nd3 Bc4 20. Rfd1 a5 21. Nbc5
Nd4 22. Rac1 Qb5 23. Qxe5 1/2-1/2

[Event "Online Olym Top DivD 2020"]
[Site "chess.com INT"]
[Date "2020.08.23"]
[Round "7.5"]
[Board "3"]
[White "Tsolakidou, Stavroula"]
[Black "Vargas, Gabriela"]
[Result "0-1"]
[WhiteTitle "IM"]
[BlackTitle "WIM"]
[WhiteElo "2391"]
[BlackElo "2170"]
[WhiteTeam "Greece"]
[BlackTeam "Paraguay"]
[WhiteFideId "4264312"]
[BlackFideId "3700860"]
[EventDate "2020.08.21"]
[EventType "team"]

1. e4 e6 2. d4 d5 3. Nc3 Nf6 4. Bg5 Be7 5. e5 Nfd7 6. h4 Nc6 7. Nf3 Nb6 8. Ne2
f6 9. exf6 gxf6 10. Bh6 Qd6 11. c3 e5 12. g3 Bf5 13. Bg2 O-O-O 14. O-O Rhg8 15.
a4 a5 16. Ne1 Kb8 17. Nd3 Qd7 18. Nc5 Bxc5 19. dxc5 Nc4 20. Ra2 e4 21. Nd4 N4e5
22. Nxf5 Qxf5 23. Kh1 Nf3 24. b4 axb4 25. cxb4 Nce5 26. Qc1 Rg4 27. c6 Nd3 28.
Qe3 Rxh4+ 29. gxh4 Qg4 30. Bf4 Qxh4+ 0-1

[Event "Online Olym Top DivD 2020"]
[Site "chess.com INT"]
[Date "2020.08.23"]
[Round "7.5"]
[Board "4"]
[White "Perez, Dalila"]
[Black "Pavlidou, Ekaterini"]
[Result "0-1"]
[WhiteTitle "WFM"]
[BlackTitle "WIM"]
[WhiteElo "1873"]
[BlackElo "2170"]
[WhiteTeam "Paraguay"]
[BlackTeam "Greece"]
[WhiteFideId "3702014"]
[BlackFideId "4213262"]
[EventDate "2020.08.21"]
[EventType "team"]

1. d4 Nf6 2. Nf3 e6 3. c4 b6 4. a3 Bb7 5. Nc3 d5 6. cxd5 exd5 7. Bg5 Be7 8. e3
O-O 9. Bd3 Nbd7 10. Rc1 a6 11. O-O h6 12. Bh4 Re8 13. Qc2 c5 14. Rfe1 Rc8 15.
Bf5 Qc7 16. Bg3 Bd6 17. Ne5 Rcd8 18. Nxd7 Nxd7 19. Red1 Bxg3 20. hxg3 Nf8 21.
Ne2 g6 22. Bg4 h5 23. Bf3 c4 24. Nf4 Ne6 25. Nd3 Ng5 26. Ne5 Nxf3+ 27. gxf3 Bc8
28. Kg2 Bf5 29. Qa4 Qb7 30. Rh1 b5 31. Qb4 Qc8 32. a4 f6 33. g4 fxe5 34. gxf5
Qxf5 35. Rh3 exd4 36. exd4 Qg5+ 37. Rg3 Qxc1 38. Rxg6+ Kf7 39. Rg3 Re1 40. f4
Rg1+ 41. Kf3 Qd1+ 0-1

[Event "Online Olym Top DivD 2020"]
[Site "chess.com INT"]
[Date "2020.08.23"]
[Round "7.5"]
[Board "6"]
[White "Oviedo Acosta, Paula"]
[Black "Tsivelekidou, Evgenia"]
[Result "0-1"]
[WhiteElo "1659"]
[BlackElo "1993"]
[WhiteTeam "Paraguay"]
[BlackTeam "Greece"]
[WhiteFideId "3704394"]
[BlackFideId "4274830"]
[EventDate "2020.08.21"]
[EventType "team"]

1. e4 c6 2. d4 d5 3. exd5 cxd5 4. Bd3 Nc6 5. c3 g6 6. Bf4 Nh6 7. Nf3 Bf5 8. O-O
Bxd3 9. Qxd3 Nf5 10. Nbd2 Bg7 11. Rfe1 O-O 12. Ne5 Nxe5 13. Bxe5 a6 14. Nf3 b5
15. Bxg7 Kxg7 16. Re5 e6 17. h3 Qb6 18. Re2 Rfc8 19. Ne5 Rc7 20. g4 Nd6 21. h4
b4 22. h5 Ne4 23. f3 Ng5 24. h6+ Kg8 25. Qe3 f6 26. Nd3 bxc3 27. b3 c2 28. Rc1
Rac8 29. f4 Ne4 30. Nc5 Nxc5 31. dxc5 Qxc5 32. Qxc5 Rxc5 33. Rxe6 Ra5 34. a4 Kf7
35. Re2 Rac5 36. Kf2 Rc3 37. Rd2 Ke6 38. Ke2 Kd6 39. b4 R8c4 40. b5 Re4+ 41. Kf2
axb5 42. axb5 Rxf4+ 43. Ke2 Rfc4 44. b6 Kc6 45. b7 Kxb7 46. Rxd5 Rxg4 47. Rd7+
Kc6 48. Rxh7 Rg2+ 49. Kf1 Rh2 50. Kg1 Rch3 51. Rh8 Rh1+ 52. Kg2 Rxc1 53. Kxh3
Rh1+ 54. Kg2 c1=Q 55. Rc8+ Kd7 56. Rxc1 Rxc1 57. h7 Rc8 0-1

[Event "Online Olym Top DivD 2020"]
[Site "chess.com INT"]
[Date "2020.08.23"]
[Round "8.1"]
[Board "1"]
[White "Quesada Perez, Yasser"]
[Black "Vazquez, Guillermo"]
[Result "1/2-1/2"]
[WhiteTitle "GM"]
[BlackTitle "IM"]
[WhiteElo "2565"]
[BlackElo "2527"]
[WhiteTeam "Cuba"]
[BlackTeam "Paraguay"]
[WhiteFideId "3509362"]
[BlackFideId "3702308"]
[EventDate "2020.08.21"]
[EventType "team"]

1. e4 c6 2. c4 d5 3. cxd5 cxd5 4. exd5 Nf6 5. Qa4+ Nbd7 6. Nc3 g6 7. Bc4 a6 8.
d3 Rb8 9. Bb3 b5 10. Qh4 Nc5 11. Bc2 Nxd5 12. Qd4 Nb4 13. Qxb4 e5 14. Kf1 a5 15.
Bg5 axb4 16. Bxd8 Kxd8 17. Ne4 Ra8 18. Nxc5 Bxc5 19. Nf3 Be6 20. Ke2 Ke7 21. Bb3
Ra6 22. Rac1 Bd6 23. Rc2 Rha8 24. Ng5 Bxb3 25. axb3 h6 1/2-1/2

[Event "Online Olym Top DivD 2020"]
[Site "chess.com INT"]
[Date "2020.08.23"]
[Round "8.1"]
[Board "2"]
[White "Almiron, Antonio"]
[Black "Ortiz Suarez, Isan Reynaldo"]
[Result "1/2-1/2"]
[WhiteTitle "FM"]
[BlackTitle "GM"]
[WhiteElo "2366"]
[BlackElo "2545"]
[WhiteTeam "Paraguay"]
[BlackTeam "Cuba"]
[WhiteFideId "3701166"]
[BlackFideId "3507165"]
[EventDate "2020.08.21"]
[EventType "team"]

1. e4 c5 2. Nf3 d6 3. d4 cxd4 4. Nxd4 Nf6 5. Nc3 a6 6. Bg5 Nbd7 7. Qe2 e6 8.
O-O-O b5 9. a3 Bb7 10. f4 h6 11. Bh4 g5 12. fxg5 hxg5 13. Bxg5 Be7 14. Nf3 Rc8
15. Qe1 Qc7 16. Bd3 Rg8 17. h4 Qb8 18. Kb1 Ba8 19. Rf1 b4 20. axb4 Qxb4 21. Nd5
Nxd5 22. exd5 Qxe1 23. Rfxe1 Bxd5 24. Bxa6 Rc5 25. b4 Bxf3 26. gxf3 Rc3 27. Rd3
Rxd3 28. Bxd3 Bxg5 29. Rg1 Ne5 30. Rxg5 Rh8 31. Bb5+ Ke7 32. f4 Nf3 33. Rg3 Nd4
34. Bd3 Rxh4 35. c3 Nc6 36. f5 Ne5 37. fxe6 fxe6 38. Kc2 d5 39. Kb3 Kd6 40. Be2
Rh2 41. Re3 Rf2 42. c4 dxc4+ 43. Bxc4 Rf4 44. Be2 Nc6 45. Bc4 e5 46. Rd3+ Nd4+
47. Kc3 Rh4 48. Rg3 Rh6 49. Bd3 Kd5 50. Re3 Rc6+ 51. Kb2 Rf6 52. Kc3 Rc6+ 53.
Kb2 Rb6 54. Kc3 1/2-1/2

[Event "Online Olym Top DivD 2020"]
[Site "chess.com INT"]
[Date "2020.08.23"]
[Round "8.2"]
[Board "1"]
[White "Vocaturo, Daniele"]
[Black "Banikas, Hristos"]
[Result "1/2-1/2"]
[WhiteTitle "GM"]
[BlackTitle "GM"]
[WhiteElo "2617"]
[BlackElo "2601"]
[WhiteTeam "Italy"]
[BlackTeam "Greece"]
[WhiteFideId "813192"]
[BlackFideId "4202031"]
[EventDate "2020.08.21"]
[EventType "team"]

1. e4 c5 2. Nf3 d6 3. d4 cxd4 4. Nxd4 Nf6 5. Nc3 a6 6. Bg5 Nbd7 7. f4 Qc7 8. Qf3
b5 9. O-O-O Bb7 10. Bd3 g6 11. Nd5 Nxd5 12. exd5 Bg7 13. Nc6 Nf6 14. Rhe1 Bxc6
15. dxc6 d5 16. Qe3 O-O 17. Qxe7 Qxc6 18. f5 Rfe8 19. Qb4 Ne4 20. Bxe4 dxe4 21.
fxg6 hxg6 22. Qd6 Qc4 23. Qd5 Rac8 1/2-1/2

[Event "Online Olym Top DivD 2020"]
[Site "chess.com INT"]
[Date "2020.08.23"]
[Round "8.2"]
[Board "3"]
[White "Zimina, Olga"]
[Black "Tsolakidou, Stavroula"]
[Result "0-1"]
[WhiteTitle "IM"]
[BlackTitle "IM"]
[WhiteElo "2378"]
[BlackElo "2391"]
[WhiteTeam "Italy"]
[BlackTeam "Greece"]
[WhiteFideId "4132190"]
[BlackFideId "4264312"]
[EventDate "2020.08.21"]
[EventType "team"]

1. Nf3 d5 2. c4 d4 3. g3 Nc6 4. Bg2 e5 5. d3 Bb4+ 6. Bd2 a5 7. O-O h6 8. Na3 Nf6
9. Nc2 O-O 10. a3 Bxd2 11. Nxd2 a4 12. Nb4 Ne7 13. Ne4 Nxe4 14. Bxe4 c6 15. b3
Bh3 16. Bg2 Bxg2 17. Kxg2 c5 18. Na2 axb3 19. Qxb3 Qd7 20. Rfb1 Qc6+ 21. Kg1 Ra7
22. Nc1 Rfa8 23. Qb6 Qxb6 24. Rxb6 Nc8 25. Rb3 b6 26. e3 dxe3 27. fxe3 e4 28.
Kf2 Ra4 29. Ke2 exd3+ 30. Kxd3 Nd6 31. Rxb6 Nxc4 32. Rb5 Rd8+ 33. Kc3 Nxa3 34.
Kb3 Nxb5 35. Rxa4 Nd6 36. Kc2 Re8 37. Kd3 c4+ 38. Ke2 Nf5 39. Ra3 Nd4+ 40. Kf2
Nb5 41. Ra5 Nc3 42. Ne2 Nd1+ 43. Ke1 Nxe3 44. Rc5 Rd8 45. Nf4 Rd4 46. Ke2 Ng4
47. h3 Nf6 48. Ke3 Re4+ 49. Kf3 g5 50. Nd5 Re6 51. Nxf6+ Rxf6+ 52. Kg2 Ra6 53.
Rxc4 Ra2+ 54. Kg1 Kg7 55. h4 Kg6 56. hxg5 hxg5 57. Rb4 Kf5 58. Rc4 Re2 59. Rb4
Re4 60. Rb7 f6 61. Kf2 Ra4 62. Rb6 Ra2+ 63. Kg1 Ke5 64. Rc6 f5 65. Rg6 g4 66.
Rb6 Ra3 67. Kf2 Ra2+ 68. Kg1 Ra4 69. Kf2 Ke4 70. Re6+ Kd5 71. Rf6 Ke5 72. Rb6
Rd4 73. Rb5+ Rd5 74. Rb4 Rd4 75. Rb8 Rd2+ 76. Kg1 Ke4 77. Rb4+ Kf3 78. Rb3+ Ke4
79. Rb4+ Rd4 80. Rb5 Rd5 81. Rb3 Rd3 82. Rb4+ Kf3 83. Rb5 Kxg3 84. Kf1 f4 85.
Rb2 f3 86. Ke1 Ra3 87. Rb1 Kg2 88. Rb2+ Kg1 89. Rb4 f2+ 90. Kd2 f1=Q 91. Rxg4+
Kh2 0-1

[Event "Online Olym Top DivD 2020"]
[Site "chess.com INT"]
[Date "2020.08.23"]
[Round "8.2"]
[Board "4"]
[White "Botsari, Anna-Maria"]
[Black "Brunello, Marina"]
[Result "1/2-1/2"]
[WhiteTitle "WGM"]
[BlackTitle "IM"]
[WhiteElo "2222"]
[BlackElo "2368"]
[WhiteTeam "Greece"]
[BlackTeam "Italy"]
[WhiteFideId "4200446"]
[BlackFideId "822590"]
[EventDate "2020.08.21"]
[EventType "team"]

1. d4 d5 2. c4 c6 3. Nf3 Nf6 4. Nbd2 Bf5 5. Nh4 Bc8 6. Nhf3 e6 7. g3 Nbd7 8. Bg2
Bd6 9. O-O O-O 10. Qc2 Qe7 11. e4 Nxe4 12. Nxe4 dxe4 13. Qxe4 e5 14. dxe5 Nxe5
15. Ng5 Ng6 16. Be3 Re8 17. Qxe7 Bxe7 18. Ne4 Bf5 19. Rfd1 Ne5 20. Rd4 Rad8 21.
b3 b6 22. h3 h5 23. Rad1 Be6 24. f4 Rxd4 25. Rxd4 Nd7 26. Nd6 Rd8 27. Nb7 Rb8
28. Bxc6 Nc5 29. Nxc5 Bxc5 30. Rd3 Bf5 31. Rc3 Bb4 32. Rc1 Bxh3 33. Kf2 Rd8 34.
Bd5 Bf5 35. Bf3 g6 36. Rd1 Rxd1 37. Bxd1 Bb1 38. a4 Kf8 39. Bd4 Ke7 40. Ke3 Bf5 1/2-1/2

[Event "Online Olym Top DivD 2020"]
[Site "chess.com INT"]
[Date "2020.08.23"]
[Round "8.2"]
[Board "5"]
[White "Moroni, Luca Jr"]
[Black "Theodorou, Nikolas"]
[Result "0-1"]
[WhiteTitle "GM"]
[BlackTitle "IM"]
[WhiteElo "2530"]
[BlackElo "2554"]
[WhiteTeam "Italy"]
[BlackTeam "Greece"]
[WhiteFideId "865834"]
[BlackFideId "4262875"]
[EventDate "2020.08.21"]
[EventType "team"]

1. c4 Nf6 2. Nc3 g6 3. e4 d6 4. d4 Bg7 5. Bd3 O-O 6. Nge2 Nc6 7. O-O e5 8. d5
Nd4 9. Nxd4 exd4 10. Ne2 Re8 11. f3 c5 12. Ng3 h5 13. Bg5 Re5 14. Bd2 h4 15. Nh1
g5 16. Nf2 Nh5 17. Bc2 b5 18. b3 bxc4 19. bxc4 Ba6 20. Bd3 Nf4 21. Bxf4 gxf4 22.
Qd2 Rh5 23. Qxf4 Bh6 24. Qg4+ Rg5 25. Qh3 Bc8 26. Ng4 Rg6 27. e5 Be3+ 28. Kh1
dxe5 29. Bxg6 fxg6 30. f4 Bxf4 31. Qf3 Bf5 32. d6 Bxg4 33. Qxg4 Qxd6 34. Rab1
Qc6 35. Rb3 Rd8 36. Rfb1 d3 37. Rb8 Rxb8 38. Rxb8+ Kf7 39. Qxh4 d2 40. Qd8 Ke6
41. Qg8+ Kf5 42. Rf8+ Ke4 43. Rd8 Ke3 44. Qh7 Ke2 45. Qh3 Qe4 46. Qg4+ Kf2 47.
Qh4+ Ke2 48. Qg4+ Ke1 49. Qh4+ Kd1 50. Rxd2+ Kxd2 51. Qf2+ Qe2 52. Qxc5 Qf1+ 53.
Qg1 Qxg1+ 54. Kxg1 e4 0-1

[Event "Online Olym Top DivD 2020"]
[Site "chess.com INT"]
[Date "2020.08.23"]
[Round "8.3"]
[Board "3"]
[White "Terao, Juliana Sayumi"]
[Black "Zhou, Qiyu"]
[Result "1/2-1/2"]
[WhiteTitle "FM"]
[BlackTitle "FM"]
[WhiteElo "2252"]
[BlackElo "2229"]
[WhiteTeam "Brazil"]
[BlackTeam "Canada"]
[WhiteFideId "2109220"]
[BlackFideId "505161"]
[EventDate "2020.08.21"]
[EventType "team"]

1. e4 e5 2. Nf3 Nc6 3. Bb5 a6 4. Ba4 Nf6 5. d3 b5 6. Bb3 Be7 7. O-O O-O 8. c3 d6
9. Nbd2 h6 10. Re1 Be6 11. Bc2 Re8 12. Nf1 Bf8 13. Bd2 d5 14. a4 Rb8 15. axb5
axb5 16. exd5 Bxd5 17. Ng3 Qd7 18. h3 Bd6 19. Ne4 Nxe4 20. dxe4 Be6 21. b3 Ra8
22. Qe2 Ne7 23. Be3 Qc6 24. Bd2 b4 25. c4 Qb6 26. Be3 c5 27. Red1 Rxa1 28. Rxa1
Nc6 29. Ne1 Nd4 30. Bxd4 cxd4 31. Nd3 Bd7 32. Qd2 Bc6 33. f3 Ra8 34. Rxa8+ Bxa8
35. Bd1 Qa5 36. Bc2 Bc6 37. Qe1 f6 38. Kf1 g6 39. Qb1 Qa3 1/2-1/2